The Supporting Characters of Seinfeld Quiz Stats

 Plays Quiz not verified by Sporcle

Challenge
Share
Tweet
Embed
Score 0/13 Timer 03:00
0 Plays Today
Hint Name % Correct
PostmanNewman
98.2%
Ex-FianceSusan Biddle Ross
92.8%
BoyfriendDavid Puddy
90.3%
RelativeFrank Costanza
89.8%
RelativeEstelle Costanza
88.2%
RelativeMorty Seinfeld
87.2%
BossJ. Peterman
86.4%
RelativeUncle Leo
86.2%
BossGeorge Steinbrenner
85.9%
RelativeHelen Seinfeld
74.7%
BossMr. Lippman
53.5%
Co-WorkerWilhelm
42.7%
WaitressRuthie Cohen
37.1%

You're not logged in!

Compare scores with friends on all Sporcle quizzes.
Join for Free
OR
Log In

You Might Also Like...

Show Comments

Extras

Top Quizzes Today


Score Distribution

Your Account Isn't Verified!

In order to create a playlist on Sporcle, you need to verify the email address you used during registration. Go to your Sporcle Settings to finish the process.

Report this User

Report this user for behavior that violates our Community Guidelines.

Details: